banner koha

Desempenho de novilhos confinados alimentados com cama de frangos usando como substrato casca de café (Registro n. 173113)

MARC details
000 -LÍDER
campo de controle de tamanho fixo 01046nas a2200349 4500
001 - NÚMERO DE CONTROLE
campo de controle BR0102370
003 - IDENTIFICADOR DO NÚMERO DE CONTROLE
campo de controle BR-BrBNA
005 - DATA E HORÁRIO DA ÚLTIMA TRANSAÇÃO
campo de controle 20231205103501.0
007 - CAMPO FIXO DE DESCRIÇÃO FÍSICA--INFORMAÇÃO GERAL
campo de controle de tamanho fixo ta
008 - CAMPO DE DADOS FIXOS--INFORMAÇÃO GERAL
campo de controle de tamanho fixo 230509b bl.|||p| |||| 00| 00por d
040 ## - FONTE DA CATALOGAÇÃO
Instituição da catalogação original BR-BrBNA
Idioma da catalogação por
Instituição que transcreveu o registro Biblioteca Nacional de Agricultura
041 ## - CÓDIGO DE IDIOMA
Código do idioma do texto/trilha sonora ou título diferente (Pt)
072 ## - CÓDIGO DE CATEGORIA DE ASSUNTO
Código de Categoria de Assunto L02
100 1# - ENTRADA PRINCIPAL--NOME PESSOAL
Nome pessoal Oliveira, E.R. de
100 1# - ENTRADA PRINCIPAL--NOME PESSOAL
Nome pessoal Andrade, I.F. de
100 1# - ENTRADA PRINCIPAL--NOME PESSOAL
Nome pessoal Paiva, P.C. de A.
100 1# - ENTRADA PRINCIPAL--NOME PESSOAL
Nome pessoal Rezende, C.A.P. de
100 1# - ENTRADA PRINCIPAL--NOME PESSOAL
Nome pessoal Barcelos, A.F.
100 1# - ENTRADA PRINCIPAL--NOME PESSOAL
Nome pessoal Muniz, J.A.
100 1# - ENTRADA PRINCIPAL--NOME PESSOAL
Nome pessoal Banys, V.L.
100 1# - ENTRADA PRINCIPAL--NOME PESSOAL
Nome pessoal Freitas, P.M.R. de
245 1# - TÍTULO
Título Desempenho de novilhos confinados alimentados com cama de frangos usando como substrato casca de café
650 ## - ASSUNTO--TERMO TÓPICO
Cabeçalho tópico ou nome geográfico NOVILHO
650 ## - ASSUNTO--TERMO TÓPICO
Cabeçalho tópico ou nome geográfico CONFINAMENTO
650 ## - ASSUNTO--TERMO TÓPICO
Cabeçalho tópico ou nome geográfico CAMA DE GALINHEIRO
650 ## - ASSUNTO--TERMO TÓPICO
Cabeçalho tópico ou nome geográfico CASCA DE CAFÉ
650 ## - ASSUNTO--TERMO TÓPICO
Cabeçalho tópico ou nome geográfico RAÇÃO
650 ## - ASSUNTO--TERMO TÓPICO
Cabeçalho tópico ou nome geográfico NUTRIÇÃO ANIMAL
773 0# - ENTRADA ANALÍTICA
Título Ciência e Agrotecnologia (Brazil)
ISSN - International Standard Serial Number ISSN 1413-7054
Partes relacionadas (Jan-Mar 1999), v. 23(1) p. 187-196
Número de controle do registro BR0102370
909 ## -
-- 202311
-- Lúcia
-- 55
-- Lúcia Elande
942 ## - ELEMENTOS DE ENTRADA ADICIONADOS (KOHA)
Fonte da classificação ou esquema de arquivamento na estante Classificação AGRIS
Ocultar no OPAC Não
Tipo de material Koha Analítica
Exemplares
Situação do descarte Fonte da classificação ou esquema de arquivamento na estante Situação física Não pode ser emprestado Biblioteca de origem Biblioteca atual Localização na estante Enumeração do periódico / cronologia Total de empréstimos Data de último acesso Número do exemplar Tipo de material Koha Fonte de aquisição
  Classificação AGRIS   Consulta local Biblioteca Nacional de Agricultura - Binagri Biblioteca Nacional de Agricultura - Binagri   (Jan-Mar 1999), v. 23(1) p. 187-196   29/11/2023 01 Periódicos Portaria Interministerial nº 164/94

BINAGRI

Telefone: (61)3218-2567/2388/3357/2097 - binagri@agro.gov.br

Ministério da Agricultura e Pecuária , Esplanada dos Ministérios, Bloco D, Anexo B, Brasília/DF, CEP: 70.043-900